|
|
|
|
| LEADER |
00000nab a22000005a 4500 |
| 001 |
AR-BbUGT8119 |
| 003 |
AR-BbUGT |
| 005 |
20181220002524.0 |
| 007 |
ta |
| 008 |
080617s1991||||ag |||p |||| 0|||||spa d |
| 040 |
|
|
|a AR-BbUGT
|c AR-BbUGT
|
| 100 |
1 |
|
|a Agüilar, Adrián Guillermo y Ledezma, Alicia
|
| 245 |
1 |
3 |
|a La política de autoconstrucción dirigida en la Ciudad de México. Algunas bases de evaluación
|
| 653 |
|
|
|a México
|
| 653 |
|
|
|a Urbanización Espontanea
|
| 773 |
0 |
|
|o R196.44
|g No. 113 (1991), p. 53-82
|t Revista Geográfica (IPGH)
|x 0556-6630
|w AR-BbUGT7013
|
| 942 |
|
|
|2 ddc
|c ARTPP
|
| 999 |
|
|
|c 13627
|d 13627
|